Najčastejšie príčiny febrilného priebehu šestonedelia

Bibliographic Details
Main Authors: Šurabová, G. (Author), Lacková, D. (Author), Debnárová, H. (Author)
Format: Article
Language:Slovak
PhysicalDescription:Graf 1
Subjects:

MARC

LEADER 00000nab a2200000 a 4500
001 vtls000497610
003 SK-MaSNL
005 20260304030353.0
008 250310c1993 xo 0 slo
015 |a SNBRB19rr/mm-uuuuu 
035 |a CL0497748 
035 |a urn:nbn:sk:snk-ab344e 
035 |a (urnnbn)urn:nbn:sk:snk:ar-a05um4 
035 |a (uuid)36941daf-8073-4d40-822e-731c2708ff8b 
040 |a SNKBUCL  |b slo  |c SNKBUCL  |e AACR2 
041 0 |a slo 
044 |a xo  |c SK 
080 |a 618.7  |2 1981 
100 1 |a Šurabová, G.  |4 aut  |9 1308590 
245 1 0 |a Najčastejšie príčiny febrilného priebehu šestonedelia  |c G. Šurabová, D. Lacková, H. Debnárová 
300 |b Graf 1 
650 0 7 |a šestonedelie  |2 snkbucl  |9 3977 
650 0 7 |a infekcia puerperálna  |2 snkbucl  |9 1308591 
655 7 |a články z novín a časopisov  |2 snkbucl  |9 267496 
700 1 |a Lacková, D.  |4 aut  |9 772944 
700 1 |a Debnárová, H.  |4 aut  |9 1308592 
773 0 |t Revue ošetrovateľstva  |g Roč. 3, č. 3 (1993), s. 8-9 
850 |a Slovenská národná knižnica v Martine  |a MTA001 
852 |a SNK  |b KIS3GCP 
958 |a OND 
958 |a RK 
958 |a ME 
958 |a EUIPO 
958 |a article27 
992 |a RBX 
999 |c 2633765  |d 2635695